000 00407nam a2200145 i 4500
001 bg
245 0 _aOchrona przyrodniczego środowiska człowieka :
_bdzieło zbiorowe /
_czainicjowane przez Władysława Szafera.
250 _aWyd.2.
260 _aWarszawa,
_c1976.
700 1 _aSZAFER, Władysław.
_eRed.
040 _cBPK
041 _apol
942 _cKS
008 s pl f |000 0 pol
999 _c16592
_d16592
856 _uhttp://koha.tu.koszalin.pl/cgi-bin/koha/opac-detail.pl?biblionumber=16592
_yKatalog online BPK